| 000 | 01317nam a22002537a 4500 | ||
|---|---|---|---|
| 001 | 839 | ||
| 005 | 20230711131536.0 | ||
| 008 | 230711b cb ||||| |||| 00| 0 eng d | ||
| 020 | _a9781847801180 | ||
| 040 |
_aFISKH _beng _cFISKH _dFISKH |
||
| 050 | _aPZ7.E94715 | ||
| 082 | _a823.92 | ||
| 100 | _aEwart, Franzeska G. | ||
| 245 |
_aThere's a hamster in my pocket : _bA laugh out loud story of two best friends / _cAutor : Ewart, Franzeska G. ; illustrator : Bate, Helen |
||
| 260 |
_aLondon : _bFrances Lincoln, _c2011. |
||
| 300 |
_a90 pages : _billustrations, _c20 cm. |
||
| 505 | _aW | ||
| 520 | _aYosser's having a worrying summer. Her family's shop is struggling and Auntie Shabnam is coming to stay to sort things out. Which means Yosser has to share a room with Nani! And while Yosser is desperately jealous of all her friend Kylie's pets, Kylie's family are not without problems either. Her mum is about to turn 40 and her big brother Sniper is behaving very suspiciously indeed. And when Yosser discovers a mysterious box among Nani's things, she begins to suspect that it is at the root of all the bad luck. | ||
| 521 |
_a880
_bLexile |
||
| 521 |
_aW
_bRaz-Plus |
||
| 650 |
_aMysterious _vFamily problems _xanimal fiction |
||
| 650 |
_aMysterious _xanimal fiction |
||
| 942 |
_2ddc _cBK _n0 |
||
| 999 |
_c839 _d839 |
||